[Event "DSOL 07 Liga Final 1st"]
[Site "Playchess.com INT"]
[Date "2020.08.26"]
[Round "1.1"]
[White "Fox, Sascha"]
[Black "Daum, Heiko"]
[Result "1/2-1/2"]
[WhiteElo "1763"]
[BlackElo "1762"]
[PlyCount "71"]
[EventDate "2020.06.22"]
[EventType "team-k.o. (rapid)"]
[EventCountry "GER"]
[SourceTitle "EXT 2021"]
[Source "ChessBase"]
[SourceDate "2020.10.23"]
[SourceVersion "1"]
[SourceVersionDate "2020.10.23"]
[SourceQuality "1"]
[WhiteTeam "Erdmannhausen"]
[BlackTeam "Ratzeburg"]
[WhiteTeamCountry "GER"]
[BlackTeamCountry "GER"]

1. d4 Nf6 2. Nf3 d5 3. e3 Bf5 4. c4 e6 5. Qb3 Nc6 6. c5 Qc8 7. Nc3 Be7 8. Be2 0-0 9. 0-0 a6 10. Bd2 h6 11. Rac1 Rb8 12. Qd1 Qd7 13. Ne5 Nxe5 14. dxe5 Ne4 15. Nxe4 Bxe4 16. Ba5 b6 17. c6 Qe8 18. Be1 a5 19. f3 Bg6 20. Bb5 Bc5 21. Qe2 Qe7 22. Bc3 Rbd8 23. Bd4 Bxd4 24. exd4 f6 25. a3 fxe5 26. Qxe5 Rf5 27. Qe3 e5 28. Bd3 e4 29. fxe4 Rxf1+ 30. Rxf1 dxe4 31. Bc4+ Kh7 32. d5 Qe5 33. Qc3 Qxc3 34. bxc3 e3 35. Re1 Re8 36. Kf1 1/2-1/2

[Event "DSOL 07 Liga Gr-D 1st"]
[Site "Playchess.com INT"]
[Date "2020.07.31"]
[Round "6.1"]
[White "Daum, Heiko"]
[Black "Hubert, Charlotte"]
[Result "1-0"]
[WhiteElo "1762"]
[BlackElo "1603"]
[PlyCount "79"]
[EventDate "2020.06.22"]
[EventType "team-tourn (rapid)"]
[EventCountry "GER"]
[SourceTitle "EXT 2021"]
[Source "ChessBase"]
[SourceDate "2020.10.23"]
[SourceVersion "1"]
[SourceVersionDate "2020.10.23"]
[SourceQuality "1"]
[WhiteTeam "Ratzeburg"]
[BlackTeam "Hamburger SK VIII"]
[WhiteTeamCountry "GER"]
[BlackTeamCountry "GER"]

1. d4 Nf6 2. Nf3 d5 3. Bf4 c5 4. dxc5 e6 5. c3 Bxc5 6. e3 0-0 7. Bd3 Nc6 8. 0-0 Re8 9. Bb5 Bd7 10. Nbd2 a6 11. Bxc6 bxc6 12. h3 a5 13. Ne5 a4 14. c4 Bb4 15. Rc1 Bxd2 16. Qxd2 Ne4 17. Qd3 f6 18. Nxd7 Qxd7 19. Rfd1 Rad8 20. cxd5 exd5 21. Qa6 g5 22. Bh2 Ra8 23. Qxc6 Qxc6 24. Rxc6 Rec8 25. Rdc1 Rxc6 26. Rxc6 Ra5 27. f3 Rc5 28. Rxc5 Nxc5 29. Kf1 Nd3 30. b3 a3 31. Bd6 Nc1 32. Bxa3 Nxa2 33. Ke1 Nc3 34. Bb2 Nb5 35. Bxf6 h6 36. Kd2 Kf7 37. Bb2 Ke6 38. g4 Kf7 39. f4 Nd6 40. Kd3 1-0

[Event "DSOL 07 Liga Gr-D 1st"]
[Site "Playchess.com INT"]
[Date "2020.07.08"]
[Round "3.1"]
[White "Obermeier, Johannes"]
[Black "Daum, Heiko"]
[Result "1/2-1/2"]
[WhiteElo "1784"]
[BlackElo "1762"]
[PlyCount "42"]
[EventDate "2020.06.22"]
[EventType "team-tourn (rapid)"]
[EventCountry "GER"]
[SourceTitle "EXT 2021"]
[Source "ChessBase"]
[SourceDate "2020.10.23"]
[SourceVersion "1"]
[SourceVersionDate "2020.10.23"]
[SourceQuality "1"]
[WhiteTeam "Kelheim III"]
[BlackTeam "Ratzeburg"]
[WhiteTeamCountry "GER"]
[BlackTeamCountry "GER"]

1. e4 c6 2. d4 g6 3. f4 d5 4. e5 Bg7 5. Bd3 Nh6 6. Nf3 Bg4 7. h3 Bf5 8. Nc3 Bxd3 9. Qxd3 e6 10. Be3 Nd7 11. g4 Nb6 12. 0-0-0 Nc4 13. b3 Nxe3 14. Qxe3 Qa5 15. Kb1 b5 16. Rdg1 Qa3 17. Qc1 Qxc1+ 18. Kxc1 Kd7 19. Ne1 Rhc8 20. Nd3 Bf8 21. h4 Be7 1/2-1/2

[Event "DSOL 07 Liga Gr-D 1st"]
[Site "Playchess.com INT"]
[Date "2020.06.24"]
[Round "1.1"]
[White "Robertson, Roberto"]
[Black "Daum, Heiko"]
[Result "0-1"]
[WhiteElo "1607"]
[BlackElo "1762"]
[PlyCount "100"]
[EventDate "2020.06.22"]
[EventType "team-tourn (rapid)"]
[EventCountry "GER"]
[SourceTitle "EXT 2021"]
[Source "ChessBase"]
[SourceDate "2020.10.23"]
[SourceVersion "1"]
[SourceVersionDate "2020.10.23"]
[SourceQuality "1"]
[WhiteTeam "Lachendorf"]
[BlackTeam "Ratzeburg"]
[WhiteTeamCountry "GER"]
[BlackTeamCountry "GER"]

1. d4 Nf6 2. Bf4 d5 3. e3 e6 4. Be2 Bd6 5. Bg3 b6 6. Nd2 0-0 7. c3 c5 8. Ngf3 Ba6 9. Bxa6 Nxa6 10. Ne5 Qc7 11. Qe2 Nb8 12. f4 Nc6 13. 0-0 Rac8 14. Rac1 Nd7 15. Qg4 Ne7 16. Bh4 Nf5 17. Bf2 Nf6 18. Qe2 Be7 19. g4 Nd6 20. g5 Nfe4 21. Nxe4 Nxe4 22. Qg4 b5 23. h4 cxd4 24. exd4 b4 25. h5 Bd6 26. g6 hxg6 27. hxg6 Bxe5 28. fxe5 bxc3 29. bxc3 Qd7 30. Be1 fxg6 31. Rxf8+ Rxf8 32. c4 Rf5 33. Bh4 Qf7 34. cxd5 Rg5 35. Bxg5 Qf2+ 36. Kh1 Ng3+ 37. Qxg3 Qxg3 38. Be7 Qh3+ 39. Kg1 Qe3+ 40. Kg2 Qxc1 41. d6 Qd2+ 42. Kg3 Qxd4 43. Kf3 Qxe5 44. Kg4 Kf7 45. Kf3 Ke8 46. Kg4 Kd7 47. Kf3 Qd5+ 48. Kg4 Qxa2 49. Kg5 Qg2+ 50. Kf4 a5 0-1

[Event "Schleswig-Holstein-ch Kandidaten"]
[Site "Bad Segeberg"]
[Date "2018.03.28"]
[Round "6"]
[White "Daum, Heiko"]
[Black "Haversick, Axel"]
[Result "1/2-1/2"]
[WhiteElo "1848"]
[BlackElo "1767"]
[PlyCount "92"]
[EventDate "2018.03.24"]
[EventType "swiss"]
[EventRounds "9"]
[EventCountry "GER"]
[SourceTitle "EXT 2023"]
[Source "ChessBase"]
[SourceDate "2022.10.05"]
[SourceVersion "1"]
[SourceVersionDate "2022.10.05"]
[SourceQuality "1"]

1. d4 Nf6 2. Nf3 e6 3. e3 c5 4. c3 Nc6 5. Bd3 d5 6. 0-0 Be7 7. Nbd2 0-0 8. Qe2 a6 9. dxc5 Bxc5 10. e4 d4 11. e5 Nd5 12. Nb3 Bb6 13. Bxh7+ Kh8 14. Ng5 g6 15. Qf3 Nxe5 16. Qh3 Kg7 17. Ne4 Ng4 18. Qxg4 Rh8 19. Bg5 Qc7 20. Qg3 Qxg3 21. Nxg3 dxc3 22. bxc3 Nxc3 23. Bxg6 Kxg6 24. Bf4 Nd5 25. Be5 f6 26. Bd4 Bxd4 27. Nxd4 e5 28. Nf3 Be6 29. Rac1 Rac8 30. Ne4 b5 31. g3 Rxc1 32. Rxc1 Rc8 33. Rxc8 Bxc8 34. Nd6 Be6 35. Nd2 Nb4 36. a3 Nc2 37. N2e4 Nxa3 38. Nc5 Nc4 39. Nxb5 axb5 40. Nxe6 b4 41. Nc5 Nd2 42. Nd3 b3 43. Nb2 Kg5 44. Kg2 f5 45. f3 f4 46. Kf2 e4 1/2-1/2

[Event "Schleswig-Holstein-ch Kandidaten"]
[Site "Bad Segeberg"]
[Date "2018.03.28"]
[Round "5"]
[White "Wirries, Frank Michael"]
[Black "Daum, Heiko"]
[Result "1-0"]
[WhiteElo "1829"]
[BlackElo "1848"]
[PlyCount "103"]
[EventDate "2018.03.24"]
[EventType "swiss"]
[EventRounds "9"]
[EventCountry "GER"]
[SourceTitle "EXT 2023"]
[Source "ChessBase"]
[SourceDate "2022.10.05"]
[SourceVersion "1"]
[SourceVersionDate "2022.10.05"]
[SourceQuality "1"]

1. e4 c6 2. d4 g6 3. Nf3 Bg7 4. Bd3 d5 5. e5 Bg4 6. 0-0 e6 7. Nbd2 Qb6 8. Nb3 Ne7 9. Bg5 Nd7 10. h3 Bxf3 11. Qxf3 h6 12. Bf6 Bxf6 13. exf6 Nf5 14. c3 0-0-0 15. Rac1 h5 16. Rfd1 Qc7 17. c4 Nxf6 18. Kf1 Qe7 19. c5 Nh7 20. Rc3 Ng5 21. Qe2 Qf6 22. Ba6 Ne4 23. Bxb7+ Kc7 24. Qa6 Nfg3+ 25. Kg1 Qxf2+ 26. Kh2 Qf4 27. Qxc6+ Kb8 28. Rf3 Qc7 29. Qxc7+ Kxc7 30. Rxf7+ Rd7 31. Rxd7+ Kxd7 32. Nd2 Nxd2 33. Kxg3 Ne4+ 34. Kh2 Rf8 35. Rd3 Kc7 36. Ba6 h4 37. Rf3 Rxf3 38. gxf3 Ng3 39. Bd3 g5 40. Kg2 Nh5 41. Kf2 Nf4 42. Bf1 Ng6 43. Ke3 a5 44. a3 Ne7 45. b4 axb4 46. axb4 Nc6 47. b5 Ne7 48. Bd3 Nf5+ 49. Bxf5 exf5 50. f4 g4 51. hxg4 fxg4 52. Kf2 1-0

[Event "Schleswig Holstein-ch Kandidatenklasse"]
[Site "Ratzeburg"]
[Date "2017.04.13"]
[Round "2.7"]
[White "Braun, Matthias1111"]
[Black "Daum, Heiko"]
[Result "0-1"]
[WhiteElo "1849"]
[BlackElo "1741"]
[PlyCount "76"]
[EventDate "2017.04.13"]
[EventType "swiss"]
[EventRounds "9"]
[EventCountry "GER"]
[SourceTitle "EXT 2022"]
[Source "ChessBase"]
[SourceDate "2021.10.06"]
[SourceVersion "1"]
[SourceVersionDate "2021.10.06"]
[SourceQuality "1"]

1. d4 Nf6 2. Nf3 d5 3. Bf4 e6 4. Nbd2 Be7 5. e3 c5 6. c3 c4 7. Qc2 0-0 8. e4 Nc6 9. h3 b5 10. Be2 Bb7 11. e5 Nd7 12. h4 f6 13. exf6 Rxf6 14. Bg5 Rf8 15. 0-0-0 a5 16. Bxe7 Qxe7 17. Ng5 Nf6 18. Rde1 e5 19. dxe5 Nxe5 20. f4 Ned7 21. Bxc4 Qd6 22. Bxb5 Nc5 23. Bd3 Qxf4 24. Bxh7+ Kh8 25. Bg6 Ba6 26. Ngf3 Ng4 27. b3 Nf2 28. Re5 Ncd3+ 29. Bxd3 Nxd3+ 30. Kb1 Nxe5 31. Nxe5 Qxe5 32. h5 Qe3 33. Rh3 Qg1+ 34. Kb2 Qxg2 35. Rh4 Rf2 36. Rd4 Re8 37. c4 dxc4 38. bxc4 Qb7+ 0-1

[Event "Schleswig Holstein-ch Kandidatenklasse"]
[Site "Ratzeburg"]
[Date "2017.04.13"]
[Round "6.3"]
[White "Henne, Jochen"]
[Black "Daum, Heiko"]
[Result "1/2-1/2"]
[WhiteElo "1848"]
[BlackElo "1741"]
[PlyCount "35"]
[EventDate "2017.04.13"]
[EventType "swiss"]
[EventRounds "9"]
[EventCountry "GER"]
[SourceTitle "EXT 2022"]
[Source "ChessBase"]
[SourceDate "2021.10.06"]
[SourceVersion "1"]
[SourceVersionDate "2021.10.06"]
[SourceQuality "1"]

1. e4 d5 2. exd5 Qxd5 3. Nc3 Qa5 4. d4 c6 5. Nf3 Nf6 6. Bd3 Bg4 7. 0-0 e6 8. h3 Bh5 9. Be2 Nbd7 10. Bf4 Bb4 11. Nb1 0-0 12. c3 Be7 13. Nbd2 Nd5 14. Bg3 Rac8 15. Nc4 Qd8 16. Nfe5 Bxe2 17. Qxe2 N7f6 18. f4 1/2-1/2

[Event "Schleswig Holstein-ch Kandidatenklasse"]
[Site "Ratzeburg"]
[Date "2017.04.13"]
[Round "4.3"]
[White "Rulofs, Henrik"]
[Black "Daum, Heiko"]
[Result "0-1"]
[WhiteElo "1910"]
[BlackElo "1741"]
[PlyCount "100"]
[EventDate "2017.04.13"]
[EventType "swiss"]
[EventRounds "9"]
[EventCountry "GER"]
[SourceTitle "EXT 2022"]
[Source "ChessBase"]
[SourceDate "2021.10.06"]
[SourceVersion "1"]
[SourceVersionDate "2021.10.06"]
[SourceQuality "1"]

1. Nf3 d5 2. c4 dxc4 3. Na3 Nf6 4. Nxc4 g6 5. b3 Bg7 6. Bb2 0-0 7. g3 c6 8. Bg2 Qc7 9. 0-0 Nbd7 10. Rc1 Nb6 11. Ne3 Be6 12. Ng5 Bd5 13. Nxd5 Nbxd5 14. e4 Nb4 15. Bc3 Nxa2 16. e5 Nxc3 17. dxc3 Qxe5 18. f4 Qd6 19. Qc2 Qc5+ 20. Kh1 Nd5 21. Ne4 Qb6 22. Rf3 Ne3 23. Qb1 Rad8 24. Bh3 f5 25. Ng5 Rd6 26. Re1 h6 27. Rfxe3 hxg5 28. Rxe7 Bxc3 29. Bf1 Bxe1 30. Bc4+ Kh8 31. Qxe1 Qd8 32. Qe5+ Rdf6 33. fxg5 Qd1+ 34. Kg2 Qd2+ 35. Kg1 Qxg5 36. Rxb7 Qc1+ 37. Kg2 Qd2+ 38. Kg1 Qd1+ 39. Kg2 Qd2+ 40. Kg1 Qd6 41. Qe3 f4 42. Qxa7 Qd1+ 43. Kg2 Qh5 44. Qd4 f3+ 45. Kg1 f2+ 46. Kg2 Qf3+ 47. Kh3 f1Q+ 48. Bxf1 Qxf1+ 49. Kh4 Qf5 50. g4 g5+ 0-1

[Event "Schleswig Holstein-ch cand 63rd"]
[Site "Gross Groenau"]
[Date "2008.03.21"]
[Round "9"]
[White "Daum, Heiko"]
[Black "Buecker, Timo"]
[Result "0-1"]
[WhiteElo "1846"]
[BlackElo "1840"]
[PlyCount "114"]
[EventDate "2008.03.15"]
[EventType "swiss"]
[EventRounds "9"]
[EventCountry "GER"]
[SourceTitle "EXT 2010"]
[Source "ChessBase"]
[SourceDate "2010.11.25"]
[SourceVersion "1"]
[SourceVersionDate "2010.11.25"]
[SourceQuality "1"]

1. e4 g6 2. c4 Bg7 3. Nc3 c5 4. g3 Nc6 5. Bg2 e5 6. Nge2 Nge7 7. d3 d6 8. 0-0 0-0 9. h3 f5 10. f4 a6 11. Kh2 Bd7 12. Rb1 Rb8 13. fxe5 dxe5 14. Nd5 Nxd5 15. cxd5 Nd4 16. Be3 Qa5 17. a3 Bb5 18. Nc3 Bd7 19. Rf2 fxe4 20. Rxf8+ Rxf8 21. dxe4 Qc7 22. Rc1 Qd6 23. Nb1 b5 24. Nd2 Rc8 25. b3 Qf6 26. Qf1 h5 27. Qxf6 Bxf6 28. Bf1 Bd8 29. b4 c4 30. Rc3 a5 31. Bxc4 bxc4 32. Rxc4 axb4 33. Rxc8 Bxc8 34. axb4 Ba6 35. Nb1 Be7 36. Kg2 Bxb4 37. Bd2 Bd6 38. Bc3 Bd3 39. Nd2 Nb5 40. Ba5 Na3 41. Kf3 Nc4 42. Nxc4 Bxc4 43. Bc3 Kf7 44. g4 hxg4+ 45. hxg4 Kf6 46. Ba5 Ke7 47. Bc3 Kd7 48. Bd2 Kc7 49. Bg5 Kb6 50. Bc1 Kb5 51. Bd2 Ka4 52. Bg5 Kb3 53. Be3 Kc3 54. Bg5 Bd3 55. Bh6 Bb5 56. Be3 Kd3 57. Bh6 Ba4 0-1

[Event "Schleswig Holstein-ch A 62nd"]
[Site "Itzehoe"]
[Date "2007.04.06"]
[Round "9"]
[White "Daum, Heiko"]
[Black "Taubhorn, Andreas"]
[Result "1-0"]
[WhiteElo "1814"]
[BlackElo "1670"]
[PlyCount "123"]
[EventDate "2007.03.31"]
[EventType "swiss"]
[EventRounds "9"]
[EventCountry "GER"]
[SourceTitle "EXT 2010"]
[Source "ChessBase"]
[SourceDate "2010.11.25"]
[SourceVersion "1"]
[SourceVersionDate "2010.11.25"]
[SourceQuality "1"]

1. d4 b6 2. Nf3 Bb7 3. e3 e6 4. Bd3 f5 5. Nbd2 Nf6 6. 0-0 Be7 7. Re1 0-0 8. e4 fxe4 9. Nxe4 Nc6 10. c3 Qe8 11. Nxf6+ Bxf6 12. Be4 Kh8 13. d5 exd5 14. Bxd5 Qh5 15. Ng5 Qxd1 16. Rxd1 h6 17. Ne4 Rae8 18. Nxf6 Rxf6 19. Be3 Bc8 20. Re1 Ref8 21. Re2 Ne7 22. Bf3 Nf5 23. Rae1 Nh4 24. Be4 c5 25. c4 d6 26. Rd1 Ba6 27. b3 b5 28. Red2 bxc4 29. Rxd6 cxb3 30. Rxf6 gxf6 31. axb3 f5 32. Bxh6 Rg8 33. Bd5 Rg6 34. Bf4 Be2 35. Re1 Nxg2 36. Bxg2 Bf3 37. Re8+ Kh7 38. Bg3 Bxg2 39. Kxg2 f4 40. Re7+ Kh6 41. Rxa7 fxg3 42. hxg3 Rb6 43. Ra5 Rxb3 44. Rxc5 Rb2 45. Re5 Kg6 46. g4 Ra2 47. Kg3 Ra1 48. f3 Ra4 49. Rb5 Rc4 50. Kh4 Rc1 51. Rb6+ Kg7 52. f4 Rc7 53. Kg5 Ra7 54. f5 Kh7 55. Rh6+ Kg8 56. f6 Ra5+ 57. Kg6 Ra7 58. g5 Rg7+ 59. Kf5 Ra7 60. Rh1 Ra5+ 61. Kg6 Ra7 62. f7+ 1-0

[Event "Schleswig Holstein-ch A 62nd"]
[Site "Itzehoe"]
[Date "2007.04.05"]
[Round "8"]
[White "Gehl, Hartmut"]
[Black "Daum, Heiko"]
[Result "1/2-1/2"]
[WhiteElo "1723"]
[BlackElo "1814"]
[PlyCount "98"]
[EventDate "2007.03.31"]
[EventType "swiss"]
[EventRounds "9"]
[EventCountry "GER"]
[SourceTitle "EXT 2010"]
[Source "ChessBase"]
[SourceDate "2010.11.25"]
[SourceVersion "1"]
[SourceVersionDate "2010.11.25"]
[SourceQuality "1"]

1. d4 g6 2. Nf3 Bg7 3. e3 Nf6 4. Bd3 0-0 5. 0-0 d6 6. c3 Nbd7 7. b3 e5 8. dxe5 dxe5 9. Bc2 a5 10. Bb2 c6 11. Nbd2 Qc7 12. c4 Re8 13. e4 Nc5 14. Ba3 Nfd7 15. Re1 Ne6 16. Nf1 Nd4 17. Nxd4 exd4 18. Bd3 Ne5 19. Ng3 c5 20. Bc1 Be6 21. Bf4 f6 22. Bxe5 fxe5 23. f3 Rf8 24. Qd2 Qe7 25. a3 b6 26. Reb1 Ra7 27. b4 axb4 28. axb4 Rfa8 29. Rxa7 Qxa7 30. bxc5 bxc5 31. Qb2 Bf8 32. h4 Bh6 33. Qb5 Be3+ 34. Kf1 Qa3 35. Ke2 Qc3 36. Rb2 Qa3 37. Qb6 Bf7 38. h5 Qa5 39. hxg6 hxg6 40. Qd6 Bf4 41. Nf1 Qa3 42. Rb8+ Rxb8 43. Qxb8+ Kg7 44. Qb1 Bc1 45. Qc2 Qb2 46. Qxb2 Bxb2 47. g3 g5 48. g4 Be8 49. Bc2 Bc3 1/2-1/2

[Event "Schleswig Holstein-ch cand-A 56th"]
[Site "Eckernfoerde"]
[Date "2001.04.??"]
[Round "8"]
[White "Daum, Heiko"]
[Black "Meinert, Jens"]
[Result "1-0"]
[WhiteElo "1823"]
[BlackElo "1728"]
[PlyCount "51"]
[EventDate "2001.04.??"]
[EventType "swiss"]
[EventRounds "9"]
[EventCountry "GER"]
[SourceTitle "EXT 2004"]
[Source "ChessBase"]
[SourceDate "2003.11.25"]
[SourceVersion "1"]
[SourceVersionDate "2003.11.25"]
[SourceQuality "1"]

1. d4 d5 2. Nf3 c6 3. e3 Nf6 4. Bd3 e6 5. 0-0 Bd6 6. Nbd2 0-0 7. c3 Nbd7 8. Qe2 e5 9. dxe5 Nxe5 10. Nxe5 Bxe5 11. Nf3 Bc7 12. h3 Re8 13. Re1 Ne4 14. Bd2 Qd6 15. Rad1 Re6 16. Bc1 f5 17. c4 g5 18. cxd5 cxd5 19. Bc4 g4 20. Bxd5 gxf3 21. Qxf3 Bd7 22. Bxe4 Qh2+ 23. Kf1 Ba5 24. Qxf5 Qc7 25. Qxh7+ Kf8 26. Rxd7 1-0